[Event "14ème Open de Saint-Affrique"]
[Site "Saint-Affrique"]
[Date "????.??.??"]
[Round "5.35"]
[White "Pfeifer, Andreas"]
[Black "Jamme, Jean-Pierre"]
[Result "1-0"]
[WhiteElo "2152"]
[BlackElo "1966"]
[PlyCount "51"]

1. e4 e6 2. d4 b6 3. Nf3 Bb7 4. Bd3 c5 5. O-O cxd4 6. Nxd4 d5 7. Bb5+ Nd7 8.
Nc6 Qc7 9. exd5 a6 10. dxe6 Bxc6 11. Bxc6 Qxc6 12. exd7+ Qxd7 13. Re1+ Be7 14.
Qf3 Rc8 15. Nc3 Nf6 16. Bg5 O-O 17. Rxe7 Qxe7 18. Nd5 Qe5 19. Nxf6+ Kh8 20. Bh4
Qxb2 21. Re1 Rxc2 22. Qf5 g6 23. Qe4 Qxa2 24. Nd7 Kg8 25. Nxf8 Kxf8 26. Be7+
1-0

[Event "14ème Open de Saint-Affrique"]
[Site "?"]
[Date "????.??.??"]
[Round "5.39"]
[White "Humeau, Cyril"]
[Black "Tache, Benjamin"]
[Result "1-0"]
[WhiteElo "2095"]
[BlackElo "1924"]
[PlyCount "73"]
[EventDate "2006.07.25"]
[SourceDate "2006.07.25"]

1. Nf3 Nf6 2. g3 g6 3. Bg2 Bg7 4. c4 d6 5. O-O O-O 6. Nc3 Na6 7. a3 e5 8. d3
Nc5 9. b4 Ne6 10. Bd2 Ne8 11. a4 f5 12. a5 e4 13. Ne1 Nf6 14. Rb1 d5 15. cxd5
Nxd5 16. Nxd5 Qxd5 17. dxe4 fxe4 18. Be3 c6 19. Qc2 Ng5 20. Rd1 Qb5 21. Bxg5
Qxg5 22. Qxe4 Bg4 23. f3 Bf5 24. Qc4+ Kh8 25. e4 Bc8 26. f4 Qg4 27. Rd6 Rf6 28.
Rxf6 Bxf6 29. Qf7 Bd4+ 30. Kh1 Be6 31. Qxb7 Rc8 32. Nf3 Rd8 33. Qxc6 Bd7 34.
Qb7 Bc8 35. Qe7 Qd7 36. Qxd7 Rxd7 37. Bh3 1-0

[Event "14ème Open de Saint-Affrique"]
[Site "Saint-Affrique"]
[Date "????.??.??"]
[Round "5.59"]
[White "Mania, Clement"]
[Black "Iwanesko, Alexandre"]
[Result "0-1"]
[WhiteElo "1943"]
[BlackElo "1760"]
[PlyCount "43"]

1. d4 Nf6 2. Nc3 c5 3. d5 d6 4. e4 g6 5. f4 Nbd7 6. Nf3 Nb6 7. Bb5+ Bd7 8. e5
Bxb5 9. exf6 Bd7 10. fxe7 Bxe7 11. O-O O-O 12. Ne4 Re8 13. Nfg5 Bf5 14. Ng3 h6
15. Nxf5 gxf5 16. Nh3 Bf6 17. Kh1 Qd7 18. a4 Kh7 19. Qh5 Nxd5 20. g4 fxg4 21.
f5 Ne3 22. Ra3 0-1

[Event "14ème Open de Saint-Affrique"]
[Site "Saint-Affrique"]
[Date "????.??.??"]
[Round "5.27"]
[White "Rolland, Benjamin"]
[Black "Mullon, Jean-Baptiste"]
[Result "1-0"]
[WhiteElo "2088"]
[BlackElo "2375"]
[PlyCount "95"]

1. Nf3 d5 2. c4 c6 3. g3 Nf6 4. Bg2 dxc4 5. Qc2 g6 6. O-O Bg7 7. Qxc4 O-O 8.
Nc3 Na6 9. d3 Qa5 10. Bd2 Qh5 11. Qh4 Qxh4 12. Nxh4 e5 13. Rab1 Nc7 14. b4 Ne6
15. b5 c5 16. Nf3 Nd7 17. Nd5 Re8 18. Ng5 Ndf8 19. Be3 Rb8 20. Ne4 Rd8 21. Nxc5
Nxc5 22. Bxc5 Be6 23. Nb4 b6 24. Be3 Rbc8 25. Nc6 Rd7 26. a4 Rcc7 27. Rb4 Bd5
28. Bxd5 Rxd5 29. Rc4 Ne6 30. Rfc1 h5 31. Nb4 Rxc4 32. Rxc4 Rd7 33. Nc6 Rb7 34.
Nxa7 Rxa7 35. Bxb6 Rb7 36. a5 Bf8 37. a6 Rb8 38. a7 Ra8 39. Be3 Bd6 40. b6 Nd8
41. Bg5 Nb7 42. Be7 Bxe7 43. Rc7 Na5 44. Rxe7 Kg7 45. Rxe5 Nc6 46. Re7 Nxe7 47.
b7 Rxa7 48. b8=Q 1-0

[Event "14ème Open de Saint-Affrique"]
[Site "Saint-Affrique"]
[Date "????.??.??"]
[Round "5.31"]
[White "Dionisi, Thomas"]
[Black "Daurelle, Herve"]
[Result "1-0"]
[WhiteElo "1995"]
[BlackElo "2204"]
[PlyCount "41"]

1. e4 c5 2. Nf3 d6 3. d4 cxd4 4. Nxd4 Nf6 5. Nc3 g6 6. f4 Bg7 7. e5 dxe5 8.
fxe5 Ng4 9. Bb5+ Nc6 10. Nxc6 Qxd1+ 11. Nxd1 a6 12. Ba4 Bd7 13. h3 Nh6 14. Nxe7
Bxa4 15. Nd5 Rd8 16. N1c3 Bxc2 17. Bg5 Rb8 18. g4 Bd3 19. O-O-O Bc4 20. Nc7+
Kf8 21. Rd4 1-0

[Event "14ème Open de Saint-Affrique"]
[Site "Saint-Affrique"]
[Date "????.??.??"]
[Round "5.34"]
[White "Piat, Jean-Pascal"]
[Black "Guennoun, Anthony"]
[Result "1-0"]
[WhiteElo "1940"]
[BlackElo "2159"]
[PlyCount "59"]

1. d4 d5 2. Nf3 Nf6 3. c4 c6 4. Nc3 dxc4 5. a4 Bf5 6. e3 e6 7. Bxc4 Bb4 8. O-O
Nbd7 9. Nh4 O-O 10. f3 Qb6 11. e4 Bg6 12. Be3 e5 13. Nxg6 hxg6 14. Rf2 a5 15.
Ne2 exd4 16. Bxd4 Bc5 17. Rc1 Rad8 18. Bxc5 Nxc5 19. Qc2 Rd7 20. Nf4 Rfd8 21.
Kh1 g5 22. Nh3 Nd3 23. Bxd3 Rxd3 24. g4 Qe3 25. Rcf1 Nxe4 26. fxe4 Qxh3 27. Qc4
R8d7 28. Rxf7 Kh7 29. Rf8 Rd1 30. Qg8+ 1-0

[Event "14ème Open de Saint-Affrique"]
[Site "Saint-Affrique"]
[Date "????.??.??"]
[Round "6.5"]
[White "Collas, Didier"]
[Black "Todorov, Ognjan"]
[Result "1/2-1/2"]
[WhiteElo "2453"]
[BlackElo "2314"]
[PlyCount "34"]

1. e4 e6 2. d4 d5 3. Nd2 a6 4. Ngf3 c5 5. exd5 exd5 6. Be2 Nc6 7. O-O Bd6 8.
dxc5 Bxc5 9. Nb3 Ba7 10. Nfd4 Nf6 11. Be3 Ne5 12. Qc1 O-O 13. Nf3 Nc4 14. Bxa7
Rxa7 15. Qf4 Nd6 16. Bd3 Ra8 17. Nbd4 Qb6 1/2-1/2

[Event "14ème Open de Saint-Affrique"]
[Site "Saint-Affrique"]
[Date "????.??.??"]
[Round "6.6"]
[White "Delorme, Axel"]
[Black "Colin, Vincent"]
[Result "1/2-1/2"]
[WhiteElo "2231"]
[BlackElo "2415"]
[PlyCount "62"]

1. e4 e5 2. Nf3 Nc6 3. Bb5 a6 4. Ba4 Nf6 5. O-O b5 6. Bb3 Be7 7. Re1 O-O 8. a4
Bb7 9. d3 Re8 10. Nbd2 Bf8 11. Nf1 d5 12. Bg5 dxe4 13. dxe4 Na5 14. Bd5 Bxd5
15. Bxf6 Qxf6 16. Qxd5 c6 17. Qa2 b4 18. Ne3 Rab8 19. b3 Bc5 20. Rad1 Bd4 21.
Nf5 Bc3 22. Rd6 Re6 23. Red1 Rxd6 24. Rxd6 Rd8 25. Rxd8+ Qxd8 26. Qb1 g6 27.
Ne3 f5 28. Qd1 Qxd1+ 29. Nxd1 fxe4 30. Ng5 Bd4 31. Nxe4 Kf7 1/2-1/2

[Event "14ème Open de Saint-Affrique"]
[Site "Saint-Affrique"]
[Date "????.??.??"]
[Round "6.7"]
[White "Popchev, Milko"]
[Black "Marzolf, Bruno"]
[Result "1-0"]
[WhiteElo "2405"]
[BlackElo "2234"]
[PlyCount "101"]

1. g3 d5 2. Bg2 Nf6 3. c4 e6 4. Nf3 Be7 5. O-O O-O 6. d4 dxc4 7. Ne5 Nc6 8.
Nxc6 bxc6 9. e4 Rb8 10. Nc3 c5 11. d5 exd5 12. exd5 Rb4 13. Qc2 Ba6 14. Rd1 Qb8
15. Rb1 Bd6 16. Bd2 Rb7 17. Re1 Nd7 18. Qa4 Bb5 19. Nxb5 Rxb5 20. Bc3 Qb7 21.
Qxc4 f6 22. f4 Rb8 23. Bh3 Nf8 24. Re4 Rb6 25. Rbe1 Qa6 26. Qxa6 Rxa6 27. a4
Kf7 28. a5 Rb4 29. Bxb4 cxb4 30. Ra1 c6 31. Be6+ Nxe6 32. dxe6+ Ke7 33. f5 c5
34. b3 g6 35. g4 Be5 36. Rd1 Bd4+ 37. Kg2 Rxa5 38. Re2 Ra3 39. Rd3 gxf5 40.
gxf5 Ra1 41. Rh3 Rg1+ 42. Kf3 Rf1+ 43. Ke4 Kd6 44. Rxh7 Be5 45. Rd2+ Kc6 46. e7
Re1+ 47. Kf3 Bd6 48. Re2 Rxe2 49. Kxe2 Kd7 50. e8=Q+ Kxe8 51. Kd3 1-0

[Event "14ème Open de Saint-Affrique"]
[Site "Saint-Affrique"]
[Date "????.??.??"]
[Round "6.2"]
[White "Chomet, Pascal"]
[Black "Degraeve, Jean-Marc"]
[Result "0-1"]
[WhiteElo "2350"]
[BlackElo "2540"]
[PlyCount "88"]

1. g3 e5 2. c4 Nf6 3. Bg2 c6 4. Nf3 e4 5. Nd4 d5 6. cxd5 Qxd5 7. Nb3 Qh5 8. h3
Na6 9. Nc3 Qg6 10. d3 exd3 11. O-O Bb4 12. Qxd3 Qxd3 13. exd3 Nc5 14. Nxc5 Bxc5
15. Bg5 Be6 16. Bxf6 gxf6 17. Ne4 Be7 18. d4 O-O-O 19. Rfd1 Rd7 20. Nc5 Bxc5
21. dxc5 Rhd8 22. Re1 Rd2 23. b3 Rc2 24. Rec1 Rxc1+ 25. Rxc1 Rd2 26. Ra1 Rc2
27. Be4 Rxc5 28. Bxh7 Bxh3 29. Rd1 Be6 30. Rd4 Rc1+ 31. Kh2 Ra1 32. Rf4 Bd5 33.
Be4 Bxe4 34. Rxe4 Rxa2 35. Rf4 Kd7 36. Rxf6 Ke7 37. Rf3 a5 38. g4 b5 39. Kg3 b4
40. Kf4 c5 41. Ke5 c4 42. bxc4 a4 43. Kd5 b3 44. c5 b2 0-1

[Event "14ème Open de Saint-Affrique"]
[Site "Saint-Affrique"]
[Date "????.??.??"]
[Round "6.3"]
[White "Boudre, Jean-Pierre"]
[Black "Meijers, Viesturs"]
[Result "1/2-1/2"]
[WhiteElo "2315"]
[BlackElo "2474"]
[PlyCount "40"]

1. e4 c5 2. Nf3 e6 3. d4 cxd4 4. Nxd4 a6 5. Nc3 b5 6. Bd3 d6 7. O-O Nf6 8. a4
b4 9. Na2 e5 10. Nb3 Nc6 11. c3 bxc3 12. Nxc3 Be6 13. Nd2 Be7 14. Nc4 O-O 15.
Bg5 Nd4 16. a5 Rb8 17. Bxf6 Bxf6 18. Nb6 Nb3 19. Ra3 Nc5 20. Nbd5 Bg5 {
suite illisible} 1/2-1/2

[Event "14ème Open de Saint-Affrique"]
[Site "Saint-Affrique"]
[Date "????.??.??"]
[Round "6.4"]
[White "David, Vincent"]
[Black "Velikov, Petar"]
[Result "1/2-1/2"]
[WhiteElo "2327"]
[BlackElo "2465"]
[PlyCount "21"]

1. d4 Nf6 2. c4 c6 3. Nc3 d6 4. g3 e5 5. Bg2 Be7 6. e3 O-O 7. Nge2 Na6 8. O-O
Nc7 9. b3 Bf5 10. e4 Bd7 11. h3 1/2-1/2

[Event "14ème Open de Saint-Affrique"]
[Site "Saint-Affrique"]
[Date "????.??.??"]
[Round "5.10"]
[White "Dijoux, Frederic"]
[Black "Collas, Didier"]
[Result "0-1"]
[WhiteElo "2118"]
[BlackElo "2453"]
[PlyCount "68"]

1. e4 c5 2. Nc3 Nc6 3. g3 g6 4. Bg2 Bg7 5. d3 d6 6. f4 f5 7. Nf3 Nf6 8. O-O O-O
9. Kh1 Kh8 10. Be3 Be6 11. Qd2 Qd7 12. Rae1 Bg8 13. exf5 gxf5 14. Nh4 Rae8 15.
Bh3 e6 16. Nf3 b6 17. Bg1 Ng4 18. d4 Nf6 19. Re2 cxd4 20. Nxd4 Nxd4 21. Bxd4 e5
22. Be3 Bc4 23. fxe5 Rxe5 24. Bd4 Bxe2 25. Nxe2 Ne4 26. Qf4 Qc6 27. Bg2 Qxc2
28. Bxe5 dxe5 29. Qe3 Nd2 30. Rc1 Qxb2 31. Bd5 f4 32. Qc3 Qxc3 33. Nxc3 Rc8 34.
Rc2 Nb1 0-1

[Event "14ème Open de Saint-Affrique"]
[Site "Saint-Affrique"]
[Date "????.??.??"]
[Round "4.67"]
[White "Casasnovas, Vincent"]
[Black "Chauveau, Philippe"]
[Result "1-0"]
[WhiteElo "1570"]
[BlackElo "2014"]
[PlyCount "47"]

1. e4 c5 2. d3 Nc6 3. Nf3 g6 4. c3 Bg7 5. g3 d6 6. Bg2 e6 7. O-O Nge7 8. Re1
O-O 9. Nbd2 b6 10. Nf1 Bb7 11. h4 f5 12. exf5 exf5 13. Ng5 Qd7 14. Qb3+ d5 15.
Bf4 Nd8 16. Re2 h6 17. Nf3 Ndc6 18. Rae1 Rae8 19. Ne5 Bxe5 20. Bxe5 Na5 21. Qd1
Rf7 22. Bf4 d4 23. Bxb7 Qxb7 24. Bxh6 1-0

[Event "14ème Open de Saint-Affrique"]
[Site "Saint-Affrique"]
[Date "????.??.??"]
[Round "5.1"]
[White "Hebden, Mark"]
[Black "Andonov, Bogomil"]
[Result "1-0"]
[WhiteElo "2532"]
[BlackElo "2391"]
[PlyCount "109"]

1. d4 Nf6 2. Nf3 c6 3. c4 a6 4. Bf4 d6 5. h3 b5 6. Nbd2 Bf5 7. e3 h6 8. Be2 e6
9. O-O Nbd7 10. cxb5 cxb5 11. a4 b4 12. Nc4 d5 13. Nce5 Nxe5 14. dxe5 Nd7 15.
Nd4 Bh7 16. a5 Nc5 17. Qd2 Qb8 18. Rfc1 Qb7 19. Bh5 Rc8 20. Qd1 g6 21. Be2 g5
22. Bh2 Be7 23. Nb3 O-O 24. Nxc5 Bxc5 25. Qf1 Rc6 26. Bxa6 Qxa6 27. Qxa6 Rxa6
28. Rxc5 b3 29. f3 Bd3 30. Bg3 Bc4 31. Be1 Ra7 32. Bc3 Rfa8 33. Kf2 Ra6 34. h4
gxh4 35. Rh1 Kg7 36. Rxh4 Kg6 37. g4 R6a7 38. e4 Rd7 39. f4 Rh8 40. f5+ Kg7 41.
Ke3 Rhd8 42. Kf4 Bd3 43. exd5 Rxd5 44. Rxd5 Rxd5 45. Rh3 Bc4 46. g5 hxg5+ 47.
Kxg5 Rd1 48. f6+ Kg8 49. Kf4 Rg1 50. Ke3 Rg4 51. Kf3 Rg1 52. Rh4 Bd3 53. Ke3
Rg3+ 54. Kf2 Rg5 55. Ra4 1-0

[Event "14ème Open de Saint-Affrique"]
[Site "Saint-Affrique"]
[Date "????.??.??"]
[Round "5.2"]
[White "David, Vincent"]
[Black "Georgiev, Krum"]
[Result "1/2-1/2"]
[WhiteElo "2327"]
[BlackElo "2485"]
[PlyCount "93"]

1. d4 c5 2. d5 g6 3. e4 Bg7 4. Nc3 d6 5. Bb5+ Nd7 6. a4 Ngf6 7. Nf3 O-O 8. O-O
a6 9. Be2 b6 10. Bf4 Ne8 11. Nd2 Rb8 12. Nc4 Ne5 13. Na3 Nc7 14. Bg3 f5 15.
exf5 Bxf5 16. f4 Nf7 17. Bh4 Bd7 18. Nc4 b5 19. axb5 axb5 20. Na5 b4 21. Na4
Bd4+ 22. Bf2 Nxd5 23. Bxd4 cxd4 24. Nc4 e5 25. fxe5 dxe5 26. Rxf7 Rxf7 27. Nxe5
Re7 28. Qxd4 Bxa4 29. Bc4 Qb6 30. Bxd5+ Kg7 31. Qxb6 Rxb6 32. Rxa4 Rxe5 33.
Ra7+ Kf6 34. Rf7+ Kg5 35. Bc4 Re1+ 36. Kf2 Rc1 37. h4+ Kxh4 38. Rxh7+ Kg5 39.
Bd3 Rc6 40. Rb7 R1xc2+ 41. Bxc2 Rxc2+ 42. Kg3 Rxb2 43. Rb5+ Kf6 44. Kf4 g5+ 45.
Kf3 b3 46. g3 Rb1 47. Kg4 1/2-1/2

[Event "14ème Open de Saint-Affrique"]
[Site "Saint-Affrique"]
[Date "????.??.??"]
[Round "4.43"]
[White "Faure, Nicolas"]
[Black "Divine, Armand"]
[Result "0-1"]
[WhiteElo "2039"]
[BlackElo "1795"]
[PlyCount "46"]

1. e4 c5 2. Nf3 e6 3. d3 a6 4. g3 b5 5. Bg2 Bb7 6. O-O d5 7. exd5 exd5 8. Re1+
Be7 9. Nh4 Qd7 10. Nd2 Nc6 11. c4 bxc4 12. dxc4 d4 13. Ne4 O-O-O 14. Bf3 Ne5
15. Nxc5 Nxf3+ 16. Nxf3 Bxc5 17. Ne5 Qh3 18. f3 Re8 19. Nd3 Nf6 20. Rxe8+ Rxe8
21. Bf4 Ng4 22. Qd2 Bxf3 23. Nxc5 Re2 0-1

[Event "14ème Open de Saint-Affrique"]
[Site "StAffrique"]
[Date "????.??.??"]
[Round "4.52"]
[White "Fourches, Pierre"]
[Black "Humeau, Cyril"]
[Result "0-1"]
[WhiteElo "1785"]
[BlackElo "2095"]
[PlyCount "60"]
[EventDate "2006.07.23"]
[SourceDate "2006.07.23"]

1. d4 Nf6 2. Nf3 g6 3. c4 d6 4. e4 Bg7 5. Nc3 O-O 6. Be2 e5 7. d5 a5 8. Nd2 Na6
9. h4 c6 10. h5 Nc5 11. Rb1 Bd7 12. a3 a4 13. Qc2 cxd5 14. cxd5 Rc8 15. Nc4
Ncxe4 16. Nxe4 Nxe4 17. g4 Nxf2 18. Kxf2 b5 19. Be3 bxc4 20. Rbc1 f5 21. hxg6
hxg6 22. Rh2 f4 23. Bd2 Qg5 24. Rch1 Bxg4 25. Rg1 Qf5 26. Qxa4 Bxe2 27. Kxe2
f3+ 28. Kf2 Qd3 29. Qd1 e4 30. Be3 Rf5 0-1

[Event "14ème Open de Saint-Affrique"]
[Site "Saint-Affrique"]
[Date "????.??.??"]
[Round "4.55"]
[White "Bourdon, Philippe"]
[Black "Hausard, Hilda"]
[Result "0-1"]
[WhiteElo "2016"]
[BlackElo "1820"]
[PlyCount "76"]

1. e4 d5 2. exd5 Qxd5 3. Nc3 Qa5 4. d4 Nf6 5. Nf3 Bf5 6. Bc4 e6 7. O-O Nbd7 8.
Bd2 c6 9. Re1 Qc7 10. Bb3 O-O-O 11. Qe2 h6 12. Rad1 g5 13. Ne5 Nxe5 14. dxe5
Nd7 15. Bc1 Bg7 16. f4 gxf4 17. Bxf4 Rhg8 18. Kh1 Bf8 19. h3 Bb4 20. Qc4 Be7
21. Ne4 Bxe4 22. Qxe4 Rg6 23. Bc4 Rdg8 24. Bf1 Nb6 25. a3 Nd5 26. Bh2 Bc5 27.
c4 Ne7 28. b4 Bf2 29. Re2 Bg3 30. Bxg3 Rxg3 31. Rd3 Nf5 32. Kh2 Qe7 33. Red2
Qg5 34. Rxg3 Qxg3+ 35. Kh1 Qxh3+ 36. gxh3 Ng3+ 37. Kh2 Nxe4 38. Bg2 Nxd2 0-1

[Event "14ème Open de Saint-Affrique"]
[Site "Saint-Affrique"]
[Date "????.??.??"]
[Round "5.3"]
[White "Velikov, Petar"]
[Black "Boudre, Jean-Pierre"]
[Result "1/2-1/2"]
[WhiteElo "2465"]
[BlackElo "2315"]
[PlyCount "29"]

1. Nf3 b6 2. g3 Bb7 3. Bg2 f5 4. O-O Nf6 5. d4 g6 6. c4 Bg7 7. d5 O-O 8. Nc3
Na6 9. Nd4 Nc5 10. b3 e5 11. dxe6 Bxg2 12. Kxg2 Nxe6 13. Rb1 c6 14. Nxe6 dxe6
15. Bb2 1/2-1/2

[Event "14ème Open de Saint-Affrique"]
[Site "Saint-Affrique"]
[Date "????.??.??"]
[Round "5.7"]
[White "Kukov, Velislav"]
[Black "Chomet, Pascal"]
[Result "0-1"]
[WhiteElo "2258"]
[BlackElo "2350"]
[PlyCount "73"]

1. d4 g6 2. Nf3 Bg7 3. e4 d6 4. Bd3 Nf6 5. c4 O-O 6. Nc3 e5 7. d5 a5 8. h3 Na6
9. g4 c6 10. Bg5 Nc5 11. Bc2 a4 12. Nd2 Qa5 13. Rb1 cxd5 14. cxd5 b5 15. a3 b4
16. Nc4 Qa6 17. axb4 Ncxe4 18. b5 Nxc3 19. bxc3 Qb7 20. Bxf6 Bxf6 21. Nxd6 Qb6
22. Ne4 Bg7 23. c4 a3 24. g5 Bf5 25. Qd3 a2 26. Ra1 Bxe4 27. Qxe4 Ra3 28. Bd3
f5 29. gxf6 Rxf6 30. O-O Rf4 31. Qe2 e4 32. c5 Qxc5 33. Rfc1 Qd6 34. Bc4 Bd4
35. Rxa2 Rxa2 36. Bxa2 Rxf2 37. Qxf2 0-1

[Event "14ème Open de Saint-Affrique"]
[Site "Saint-Affrique"]
[Date "????.??.??"]
[Round "5.8"]
[White "Pflug, Matthias"]
[Black "Badev, Kiril"]
[Result "1/2-1/2"]
[WhiteElo "2211"]
[BlackElo "2340"]
[PlyCount "73"]

1. e4 c5 2. Nf3 d6 3. d4 Nf6 4. Nc3 cxd4 5. Nxd4 a6 6. Bc4 e6 7. Bb3 Qc7 8. Bg5
Be7 9. f4 Nc6 10. Nxc6 bxc6 11. Qf3 O-O 12. O-O d5 13. e5 Ne8 14. Rae1 a5 15.
Qh5 f6 16. Bh4 g6 17. Qh6 f5 18. Bxe7 Qxe7 19. Kh1 Nc7 20. Rf3 c5 21. Ba4 Rb8
22. Nd1 d4 23. Rg3 c4 24. h4 Rf7 25. Kh2 Rg7 26. Rh1 Bb7 27. Kg1 Be4 28. h5
gxh5 29. Rhh3 h4 30. Rg5 Rxg5 31. fxg5 f4 32. Rxh4 Rf8 33. Nf2 Bg6 34. Ng4 Qb4
35. Nf6+ Rxf6 36. gxf6 Qe1+ 37. Kh2 1/2-1/2

[Event "14ème Open de Saint-Affrique"]
[Site "Saint-Affrique"]
[Date "????.??.??"]
[Round "5.9"]
[White "Bolon, Karelle"]
[Black "Todorov, Ognjan"]
[Result "0-1"]
[WhiteElo "2011"]
[BlackElo "2314"]
[PlyCount "28"]

1. d4 Nf6 2. Bg5 d5 3. Nc3 Nbd7 4. Qd3 c6 5. Nf3 Qa5 6. Nd2 g6 7. e3 Bg7 8. f4
O-O 9. Nf3 Ne4 10. Bxe7 Re8 11. Bh4 Ndc5 12. dxc5 Nxc3 13. Nd2 Bf5 14. Nb3 Qc7
0-1

[Event "14ème Open de Saint-Affrique"]
[Site "Saint-Affrique"]
[Date "????.??.??"]
[Round "5.4"]
[White "Degraeve, Jean-Marc"]
[Black "Sasu-Ducsoara, Andreea-Teodora"]
[Result "1-0"]
[WhiteElo "2540"]
[BlackElo "2246"]
[PlyCount "89"]

1. e4 c5 2. Nf3 d6 3. Bb5+ Bd7 4. Bxd7+ Qxd7 5. O-O Nc6 6. c3 e6 7. d4 cxd4 8.
cxd4 Nf6 9. d5 exd5 10. exd5 Nb8 11. Nc3 Be7 12. Re1 O-O 13. Nd4 Re8 14. Bg5 h6
15. Bh4 Nh7 16. Bxe7 Rxe7 17. Qf3 g6 18. Qg3 Kf8 19. Ndb5 Na6 20. Rxe7 Qxe7 21.
Qxd6 Qxd6 22. Nxd6 Rd8 23. Ndb5 Nb4 24. Nxa7 Nxd5 25. Rd1 Ra8 26. Rxd5 Rxa7 27.
Rd8+ Kg7 28. a3 Nf8 29. Rd6 Ne6 30. Rb6 Nc5 31. Rb5 Nd7 32. Kf1 Kf6 33. Ne4+
Ke6 34. Nc5+ Nxc5 35. Rxc5 Kd6 36. Rb5 Kc6 37. Rb3 Ra5 38. Rf3 f5 39. Rh3 Rb5
40. Rxh6 Rxb2 41. Rxg6+ Kd5 42. g3 f4 43. Rf6 fxg3 44. hxg3 b5 45. Kg2 1-0

[Event "14ème Open de Saint-Affrique"]
[Site "Saint-Affrique"]
[Date "????.??.??"]
[Round "5.5"]
[White "Meijers, Viesturs"]
[Black "Guedon, Stephane"]
[Result "1-0"]
[WhiteElo "2474"]
[BlackElo "2228"]
[PlyCount "65"]

1. e4 e6 2. d4 d5 3. exd5 exd5 4. Nf3 Nc6 5. Be2 Bd6 6. O-O Nge7 7. Nc3 a6 8.
a3 Bf5 9. Be3 Qd7 10. Re1 O-O 11. Nh4 Be6 12. Bd3 Nf5 13. Nxf5 Bxf5 14. Nxd5
Bxh2+ 15. Kxh2 Qxd5 16. Kg1 Bxd3 17. Qxd3 Rad8 18. c4 Qh5 19. d5 Ne5 20. Qd4 c5
21. Qc3 Rfe8 22. Bxc5 Rc8 23. Bd4 Ng4 24. Qg3 f6 25. b3 b5 26. d6 Ne5 27. Bxe5
Rxe5 28. Rxe5 fxe5 29. Qd3 bxc4 30. bxc4 Qf7 31. d7 Rd8 32. Rd1 Qe6 33. c5 1-0

[Event "14ème Open de Saint-Affrique"]
[Site "Saint-Affrique"]
[Date "????.??.??"]
[Round "5.6"]
[White "Bijaoui, Manuel"]
[Black "Delorme, Axel"]
[Result "1/2-1/2"]
[WhiteElo "2363"]
[BlackElo "2231"]
[PlyCount "56"]

1. e4 e5 2. Nf3 Nc6 3. Nc3 Nf6 4. a3 d6 5. d4 exd4 6. Nxd4 Nxd4 7. Qxd4 Be7 8.
Bc4 O-O 9. O-O c6 10. Bf4 Qb6 11. Rfd1 Rd8 12. Bb3 Qxd4 13. Rxd4 Be6 14. Rad1
Bxb3 15. cxb3 d5 16. exd5 Nxd5 17. Nxd5 Rxd5 18. Rxd5 cxd5 19. Rxd5 Rd8 20.
Rxd8+ Bxd8 21. Be3 a6 22. Bd4 f6 23. Kf1 Kf7 24. Ke2 Ke6 25. Kd3 Kd5 26. g4 g6
27. h3 b5 28. f3 f5 1/2-1/2

[Event "14ème Open de Saint-Affrique"]
[Site "Saint-Affrique"]
[Date "????.??.??"]
[Round "6.8"]
[White "Andonov, Bogomil"]
[Black "Arnaudov, G. Petar"]
[Result "1-0"]
[WhiteElo "2391"]
[BlackElo "2220"]
[PlyCount "85"]

1. d4 Nf6 2. c4 e6 3. Nf3 b6 4. g3 Ba6 5. b3 Bb4+ 6. Bd2 Be7 7. Nc3 O-O 8. Bg2
Bb7 9. Qc2 c5 10. d5 exd5 11. Ng5 Nc6 12. Nxd5 g6 13. Nxe7+ Qxe7 14. Qd1 Rfe8
15. O-O h6 16. Nf3 Qxe2 17. Bxh6 Qxd1 18. Rfxd1 Rad8 19. Bg5 Kg7 20. Kf1 d5 21.
cxd5 Nb4 22. d6 Re6 23. d7 Nc2 24. Rac1 Bxf3 25. Bxf3 Nd4 26. Bb7 Re7 27. Bc8
Ne6 28. Re1 Rexd7 29. Bxf6+ Kxf6 30. Bxd7 Rxd7 31. Rcd1 Nd4 32. Re8 Rc7 33. h4
b5 34. Kg2 Ne6 35. Rb8 a6 36. Rb6 c4 37. bxc4 bxc4 38. Kf3 Ke5 39. Ke3 c3 40.
Rc1 Rc4 41. Kd3 Ra4 42. Rc2 Ra3 43. Rc6 1-0

[Event "14ème Open de Saint-Affrique"]
[Site "Saint-Affrique"]
[Date "????.??.??"]
[Round "8.1"]
[White "Popchev, Milko"]
[Black "Degraeve, Jean-Marc"]
[Result "0-1"]
[WhiteElo "2405"]
[BlackElo "2540"]
[PlyCount "67"]

1. d4 g6 2. e4 Bg7 3. c3 d6 4. f4 Nf6 5. e5 Nd5 6. Nf3 c6 7. Bd3 Na6 8. O-O
Nac7 9. Na3 dxe5 10. Nxe5 e6 11. Nc2 O-O 12. Qe2 Ne7 13. Bd2 b6 14. Be1 Bb7 15.
Bh4 f6 16. Nf3 Qd7 17. Rad1 Ncd5 18. Nd2 Bh6 19. Ne4 Nf5 20. Bg3 Qc7 21. Bc4
Kg7 22. Rfe1 c5 23. dxc5 bxc5 24. Qg4 Nxg3 25. Qxg3 Bxf4 26. Qf2 Rac8 27. Kf1
Bd6 28. Nxd6 Qxd6 29. Na3 Rcd8 30. Be2 e5 31. Bf3 Qe7 32. Nc4 Nf4 33. Be4 Nd5
34. Bd3 0-1

[Event "14ème Open de Saint-Affrique"]
[Site "Saint-Affrique"]
[Date "????.??.??"]
[Round "8.2"]
[White "Hebden, Mark"]
[Black "Velikov, Petar"]
[Result "1/2-1/2"]
[WhiteElo "2532"]
[BlackElo "2465"]
[PlyCount "61"]

1. d4 d5 2. Nf3 c6 3. c4 Nf6 4. e3 a6 5. Bd2 e6 6. Nc3 Nbd7 7. Qc2 dxc4 8. Bxc4
b5 9. Be2 c5 10. a4 b4 11. Ne4 Nxe4 12. Qxe4 Rb8 13. O-O Bb7 14. Qf4 Nf6 15.
dxc5 Bxc5 16. Rfd1 O-O 17. Bxb4 Nd5 18. Rxd5 Qxd5 19. e4 Qc6 20. Ne5 Qb6 21.
Bxc5 Qxc5 22. Nd7 Qc2 23. Nxf8 Rxf8 24. Bf1 Qxb2 25. Rc1 h6 26. Rc7 Qb1 27. e5
a5 28. Rc1 Qb6 29. Bb5 Rc8 30. Rd1 Bd5 31. h4 1/2-1/2

[Event "14ème Open de Saint-Affrique"]
[Site "Saint-Affrique"]
[Date "????.??.??"]
[Round "8.3"]
[White "Badev, Kiril"]
[Black "Meijers, Viesturs"]
[Result "1-0"]
[WhiteElo "2340"]
[BlackElo "2474"]
[PlyCount "43"]

1. e4 c5 2. Nf3 e6 3. c3 d5 4. exd5 exd5 5. d4 Nc6 6. Be2 Bd6 7. O-O Nge7 8.
dxc5 Bxc5 9. Nbd2 Bg4 10. Nb3 Bd6 11. Nfd4 Bxe2 12. Qxe2 O-O 13. Bg5 Re8 14.
Rad1 Qc7 15. Qh5 g6 16. Qh4 Be5 17. Rd3 Nxd4 18. Nxd4 Nc6 19. Nf3 Qa5 20. Nxe5
Nxe5 21. Bf6 Re6 22. Qxh7+ 1-0

[Event "14ème Open de Saint-Affrique"]
[Site "Saint-Affrique"]
[Date "????.??.??"]
[Round "7.9"]
[White "Saada, Julien"]
[Black "Bricard, Emmanuel"]
[Result "0-1"]
[WhiteElo "2257"]
[BlackElo "2469"]
[PlyCount "138"]

1. d4 f5 2. g3 Nf6 3. Bg2 e6 4. Nf3 d5 5. O-O Bd6 6. c4 c6 7. b3 b6 8. Ba3 Bb7
9. Qc1 Na6 10. Ne5 Rc8 11. Bxd6 Qxd6 12. Qa3 Qxa3 13. Nxa3 Ke7 14. Rfc1 Rc7 15.
Nd3 Rhc8 16. Rc2 dxc4 17. bxc4 Rd7 18. e3 c5 19. Ne5 Rdc7 20. d5 exd5 21. Nb5
Nb4 22. Rcc1 dxc4 23. Nxc7 Bxg2 24. Kxg2 Rxc7 25. Nxc4 b5 26. Nd2 Nd3 27. Rc2
c4 28. Rb1 Ne4 29. Nf3 b4 30. Nd4 g6 31. Kf1 a5 32. Rd1 Ne5 33. Rdc1 c3 34. f3
Nd6 35. Ke2 Kf6 36. a3 Nec4 37. axb4 axb4 38. Ra2 Re7 39. Ra4 Rxe3+ 40. Kf2 Rd3
41. Nb3 Ne5 42. Rxb4 Rxf3+ 43. Kg2 Ne4 44. Rc2 Rd3 45. Rd4 Re3 46. Nc1 Nf3 47.
Rd1 Ne1+ 48. Rxe1 Rxe1 49. Ne2 g5 50. Nxc3 Nxc3 51. Rxc3 Re2+ 52. Kg1 Ke5 53.
Rc7 Ke4 54. Rxh7 Kf3 55. Kf1 Ra2 56. Ke1 g4 57. Rh5 Kg2 58. Rh8 Ra1+ 59. Ke2
Rh1 60. Rh5 Rxh2 61. Rxf5 Kxg3+ 62. Kf1 Rh1+ 63. Ke2 Kg2 64. Rf4 g3 65. Rf8 Rh7
66. Re8 Rf7 67. Ke1 Kg1 68. Re6 g2 69. Ke2 Rh7 0-1

[Event "14ème Open de Saint-Affrique"]
[Site "Saint-Affrique"]
[Date "????.??.??"]
[Round "7.10"]
[White "Ouakhir, Mehdi"]
[Black "Collas, Didier"]
[Result "1/2-1/2"]
[WhiteElo "2238"]
[BlackElo "2453"]
[PlyCount "74"]

1. d4 Nf6 2. Bg5 Ne4 3. h4 c5 4. d5 Qb6 5. Nd2 Nxg5 6. hxg5 Qxb2 7. g6 fxg6 8.
e3 Na6 9. Bd3 Nb4 10. Be4 Qf6 11. c3 Qxc3 12. a3 Nd3+ 13. Ke2 Ne5 14. Rc1 Qxa3
15. Ra1 Qc3 16. Rc1 Qa5 17. Qc2 Qa6+ 18. Ke1 e6 19. Rxh7 Rxh7 20. Bxg6+ Nxg6
21. Qxg6+ Kd8 22. Qxh7 exd5 23. Nh3 Qd6 24. Ng5 Kc7 25. Nf7 Qf6 26. Qh2+ d6 27.
Rxc5+ Kb6 28. Rxd5 Qxf7 29. Nc4+ Kc6 30. Rxd6+ Bxd6 31. Qxd6+ Kb5 32. Na3+ Ka4
33. Nc2 Qc4 34. Qa3+ Kb5 35. Nd4+ Kb6 36. Qd6+ Ka5 37. Qa3+ Kb6 1/2-1/2